000 00678cam a22002411 4500
001 sa 65005049
003 DLC
005 20260227112135.0
008 901016s1964 ii 000 0aeng
010 _asa 65005049
025 _aPL480:I-E-4090
035 _a(OCoLC)22525556
040 _aDLC
_cWaU
_dWaU
_dDLC
042 _apremarc
043 _aa-ii---
050 0 0 _aDS485.M28
_bR3
100 1 _aRamamurty, Sonti Venkata,
_cSir,
_d1888-
245 1 0 _aLooking across fifty years
_c[by] S. V. Ramanurty.
260 _aBombay;
_bPopular Prakashan
_c[1964]
300 _a170 p.
_c17 cm.
500 _aAutobiographical.
651 0 _aChennai (India)
_xPolitics and government.
999 _c64081
_d64081